Web engineering: principles and techniques

Uložené v:
Podrobná bibliografia
Hlavný autor: Suh, Woojong (Autor)
Médium: Kniha
Vydavateľské údaje: Hershey : Idea Group Publishing, 2005
Tagy: Pridať tag
Žiadne tagy, Buďte prvý, kto otaguje tento záznam!

MARC

LEADER 00000nam a22000003a 4500
001 stu161356
005 20150617225957.3
008 080414s2005----------------------------d
020 |a 1591404339 
040 |a STU  |b slo 
041 0
100 1 |a Suh, Woojong  |4 aut 
245 1 |a Web engineering: principles and techniques 
260 |a Hershey :  |b Idea Group Publishing,  |c 2005 
300 |a 364 s 
996 |c I*11WV6999  |l I  |s A  |a 24  |w stu161356_0001